Mystery XI #12 - Statistics

General Stats
  • This quiz has been taken 277 times
  • The average score is 8 of 11
Answer Stats
Answer % Correct
Jan Oblak
100%
Kieran Trippier
89%
Thomas Partey
88%
Stefan Savic
86%
Koke
83%
Joao Felix
81%
Saul Niguez
74%
Angel Correa
68%
Diego Costa
55%
Felipe
49%
Renan Lodi
40%
No matching quizzes found
Score Distribution
Percent of People with Each Score
Percentile by Number Answered
Your Score History
You have not taken this quiz